Brno
| Main Author: | |
|---|---|
| Format: | Book |
| Language: | Undetermined |
| Published: |
Praha
Státní tělovýchovné nakl.
1956
|
MARC
| LEADER | 00000nam a2200000 a 4500 | ||
|---|---|---|---|
| 001 | vtls001379418 | ||
| 003 | SK-MaSNL | ||
| 005 | 20260301115527.0 | ||
| 008 | 240313s1956 xx 0 und | ||
| 035 | |a SNK000333393 | ||
| 040 | |a SNK |b slo |c SNK |e AACR2 | ||
| 100 | 1 | |a Popelář, Bohumil |4 aut |9 460685 | |
| 245 | 1 | |a Brno | |
| 260 | |a Praha |b Státní tělovýchovné nakl. |c 1956 | ||
| 300 | |a 70 s. | ||
| 999 | |c 722521 |d 724451 | ||
| 952 | |t P60, <04>, [BOOK], {604} |a SNK |b SNK |y VYP |7 0 |p 17A0221333 |o snkID 16529 |0 0 |1 0 |4 0 |d 1999-12-15 |l 0 |r 2005-01-02 00:00:00 |w 2026-02-23 | ||


